000 00297nam a2200121Ia 4500
008 190216s9999||||xx |||||||||||||| ||und||
100 _aAwapara J
245 0 _aIntroduction To Biological Chemistry
260 _bPrentice Hall
_c1974
300 _a310p
650 _aChemistry-Chemistry
942 _cBK
999 _c2022
_d2022